The future of the code for sustainable homes (Record no. 107283)

MARC details
000 -LEADER
fixed length control field 01583cad a22002535a 4500
001 - CONTROL NUMBER
control field L139234
008 - FIXED-LENGTH DATA ELEMENTS--GENERAL INFORMATION
fixed length control field 110516s2007 xxk f f000 0 eng d
035 ## - SYSTEM CONTROL NUMBER
System control number (Sirsi) u139234
041 0# - LANGUAGE CODE
Language code of text/sound track or separate title eng
050 04 - LIBRARY OF CONGRESS CALL NUMBER
Classification number 696.9 $2 18
110 1# - MAIN ENTRY--CORPORATE NAME
Corporate name or jurisdiction name as entry element United Kingdom
Subordinate unit Department for Communities and Local Government
9 (RLIN) 4939
245 04 - TITLE STATEMENT
Title The future of the code for sustainable homes
Remainder of title making a rating mandatory
-- consultation
Medium [electronic resource]
260 ## - PUBLICATION, DISTRIBUTION, ETC.
Place of publication, distribution, etc. London
Name of publisher, distributor, etc. DCLG
Date of publication, distribution, etc. 2007
520 ## - SUMMARY, ETC.
Summary, etc. Takes forward the proposal from "Building a greener future" (L135908) to make the "Code for sustainable homes" (L135998) mandatory for all new homes from April 2008. Asks specific questions about how a mandatory rating would work and seeks feedback on the connection between the code and Energy Performance Certificates, using home information packs to make the code rating available to prospective buyers, when the code should be updated, and introducing minimum standards for Lifetime Homes. The document is also published in support of the Housing Green Paper (L139252). Consultation responses required by 23 October 2007.
590 ## - LOCAL NOTE (RLIN)
Local note KA NTK
650 24 - SUBJECT ADDED ENTRY--TOPICAL TERM
Topical term or geographic name entry element DCLG CODE FOR SUSTAINABLE HOMES
650 24 - SUBJECT ADDED ENTRY--TOPICAL TERM
Topical term or geographic name entry element RESIDENTIAL ENERGY PERFORMANCE CERTIFICATES
650 24 - SUBJECT ADDED ENTRY--TOPICAL TERM
Topical term or geographic name entry element HOME INFORMATION PACKS
650 24 - SUBJECT ADDED ENTRY--TOPICAL TERM
Topical term or geographic name entry element HOUSING GREEN PAPER 2007
651 #4 - SUBJECT ADDED ENTRY--GEOGRAPHIC NAME
Geographic name England and Wales
Chronological subdivision 1543-
690 ## - LOCAL SUBJECT ADDED ENTRY--TOPICAL TERM (OCLC, RLIN)
Topical term or geographic name as entry element BUILT ENVIRONMENT-BUILDING STANDARDS
856 40 - ELECTRONIC LOCATION AND ACCESS
Uniform Resource Identifier <a href="https://www.communities.gov.uk/documents/corporate/pdf/Makingaratingmandatory.pdf">https://www.communities.gov.uk/documents/corporate/pdf/Makingaratingmandatory.pdf</a>
Public note View the consultation free of charge at www.communities.gov.uk
942 ## - ADDED ENTRY ELEMENTS (KOHA)
Suppress in OPAC 0
Holdings
Withdrawn status Lost status Source of classification or shelving scheme Damaged status Not for loan Home library Current library Shelving location Date acquired Total Checkouts Full call number Barcode Date last seen Copy number Price effective from Koha item type
    Dewey Decimal Classification     Virtual Virtual Online 24/07/2007   ONLINE PUBLICATION 139234-2001 06/08/2019 1 06/08/2019 Book